Parábolas y catástrofes: entrevista sobre matemáticas, ciencia y filosofía

Bewaard in:
Bibliografische gegevens
Hoofdauteur: Thom, René (Auteur)
Formaat: Boek
Taal:Spaans
Gepubliceerd in: Barcelona Tusquets 1985
Reeks:Metatemas, 11
Onderwerpen:
Tags: Voeg label toe
Geen labels, Wees de eerste die dit record labelt!

MARC

LEADER 00000nam a2200000 a 4500
001 UCP8179
003 CL-VaPUC
008 000114e19850000SP |||||||||||||||||spa|d
082 0 4 |a 510.1  |b THO  |2 21 
100 0 |a Thom, René  |e author  |9 437930 
245 1 0 |a Parábolas y catástrofes: entrevista sobre matemáticas, ciencia y filosofía 
300 |a 197 p 
942 |c BK 
945 |d 20000114 00:00:00  |a cmena 
260 |a Barcelona  |b Tusquets  |c 1985 
500 |a Donación de Don Walter Zeller Allier 
650 0 |a Filosofía de las ciencias  |9 256466 
650 0 |a Matemática  |9 260235 
650 0 |a Teoría matemática   |9 410070 
583 |a last modification  |c 20000114 00:00:00  |k Rodrigo Vera 
490 0 |a Metatemas, 11 
999 |c 285121  |d 285119